| 000 | 00505nam a2200193Ia 4500 | ||
|---|---|---|---|
| 008 | 170918s9999 xx 000 0 und d | ||
| 020 | _a9780590441698 | ||
| 050 | _bC277 1958 | ||
| 100 | _aCarison, Natalie Savage | ||
| 245 | 4 | _aThe family under the bridge / | |
| 245 | _cNatalie Savage Carlson ; pictures by Garth Williams. | ||
| 260 | _aNew York : | ||
| 260 | _bScholastic, | ||
| 260 | _c1958 | ||
| 300 | _a97 pages : | ||
| 300 | _bcolored illustration ; | ||
| 300 | _c19cm. | ||
| 500 | _a680 | ||
| 999 |
_c341822 _d341822 |
||